Informe del C.N.P. al Banco Centroamericano de Integración Económica para el estudio de "elegibilidad del empréstito"

Salvato in:
Dettagli Bibliografici
Ente Autore: Consejo Nacional de Producción
Natura: testo
Pubblicazione: San José: CNP
Tags: Aggiungi Tag
Nessun Tag, puoi essere il primo ad aggiungerne!!

MARC

LEADER 00000 a a2200000 04500
001 16473
003
040
090 |a 012200  
110 |a Consejo Nacional de Producción  
245 |a Informe del C.N.P. al Banco Centroamericano de Integración Económica para el estudio de "elegibilidad del empréstito"  
260 |a San José:   |b CNP  
300 |a 9 p  
999 |c 16389  |d 16389